000 01761cam a22004814i 4500
003 PE-LiUPU
005 20250731172944.0
008 150623s1997 miua rb 000 0 eng d
020 _a0310201225
020 _a9780310201229
035 _a(Sirsi) i9780310201229
040 _aPE-LiUPU
_bspa
_cPE-LiUPU
_erda
049 _aPRUA
082 0 4 _a259.23
_bB75
_221
100 1 _aBoshers, Bo,
_eautor.
245 1 0 _aStudent ministry for the 21 st. century :
_btransforming your youth group into a vital student ministry /
_cBo Boshers ; editor, Kim Anderson.
264 1 _aMichigan :
_bZondervan Publishig House,
_c1997.
300 _a274 páginas :
_bilustraciones ;
_c24 centímetros.
336 _atext
_2rdacontent
337 _aunmediated
_2rdamedia
338 _avolume
_2rdacarrier
490 0 _aWillow Creek Resources. Student Impact
505 0 _aRevaluate your purpose -- Minster with purpose -- Structure with purpose -- Program with purpose.
526 _aSEG42
526 _aSEG41
526 _aSEG40
526 _aSEG39
526 _aP94
526 _aP87
526 _aP86
526 _aP85
526 _aP77
526 _aP76
526 _aP35
650 0 4 _aTrabajo de iglesia con jóvenes.
700 1 _aAnderson, Kim,
_eeditor.
942 _2ddc
_cBOOK
949 _a259.23 B75
_wDEWEY
_c1
_i44701
_d2016-2-4
_e2016-2-4
_lCCODEBUL1
_mBUL
_n1
_r0
_sY
_tBOOK
_u2015-6-24
_xTEOLOGIA
_PP35
_0COMPRA
_o.STAFF. Colección Teología
994 _aC0
_bPEPRU
596 _a1
999 _a259.23 B75
_wDEWEY
_c21565
_i44701
_d21565
_e2016-2-4
_f2021-11-10
_g6
_lCCODEBUL1
_mBUL
_n1
_p13.00
_r0
_sY
_tBOOK
_u2015-6-24
_xTEOLOGIA
_PP35
_0COMPRA
_o.STAFF. Colección Teología
980 _81
_gALBERTO SANCHEZ Responsable de Automatización